[Event "Madrid ch - Previa A"]
[Site "Madrid ESP"]
[Date "2002.10.29"]
[Round "5.8"]
[White "Pardiñas Riaño, Emilio"]
[Black "Castro Uceda, Jose Antonio"]
[Result "1-0"]
[WhiteElo "1848"]
[BlackElo "1700"]
[PlyCount "83"]
[EventDate "2002.10.21"]
[EventType "swiss"]
[EventRounds "9"]
[EventCountry "ESP"]
[Source "lmi"]
[SourceDate "2002.10.21"]

1. e4 c5 2. Nf3 d6 3. d4 cxd4 4. Nxd4 Nf6 5. Nc3 a6 6. Bg5 e6 7. f4 Be7 8. Bd3
Nc6 9. Nf3 Qb6 10. Rb1 Ng4 11. Qe2 Bxg5 12. Nxg5 Nf6 13. Nf3 O-O 14. h3 Nd4 15.
Nxd4 Qxd4 16. Qf2 Qxf2+ 17. Kxf2 Nd7 18. Rbd1 Nc5 19. g4 b5 20. a3 Nxd3+ 21.
Rxd3 Rd8 22. Rhd1 Ra7 23. Rxd6 Rad7 24. Rxd7 Rxd7 25. Rxd7 Bxd7 26. e5 Bc6 27.
Ke3 Bg2 28. h4 Bc6 29. Kd4 Bf3 30. g5 Bg4 31. Ne4 Kf8 32. c3 Ke7 33. Kc5 Kd7
34. Kb6 Be2 35. Nc5+ Ke7 36. Nxa6 f6 37. Nc7 fxe5 38. fxe5 Kf7 39. Nxb5 Kg6 40.
a4 Kf5 41. Nd4+ Kxe5 42. Nxe2 1-0

[Event "Madrid ch - Previa A"]
[Site "Madrid ESP"]
[Date "2002.10.29"]
[Round "5.9"]
[White "Corredor Gonzalez, Angel"]
[Black "Redondo Garcia, Jose Luis"]
[Result "0-1"]
[WhiteElo "1874"]
[BlackElo "1924"]
[PlyCount "118"]
[EventDate "2002.10.21"]
[EventType "swiss"]
[EventRounds "9"]
[EventCountry "ESP"]
[Source "lmi"]
[SourceDate "2002.10.21"]

1. e4 c5 2. f4 a6 3. Nf3 e6 4. c4 Nc6 5. Nc3 Qc7 6. d3 h6 7. Be3 d6 8. Be2 Be7
9. O-O Nf6 10. h3 O-O 11. a3 Rb8 12. Qe1 b5 13. cxb5 axb5 14. Kh1 b4 15. axb4
Rxb4 16. Rb1 Bd7 17. Bd2 Rfb8 18. Nd1 R4b7 19. Bc3 e5 20. fxe5 dxe5 21. Ne3 Nd4
22. Qf2 Be6 23. Rbc1 Qd7 24. Nxe5 Qd6 25. N5g4 Nxe2 26. Qxe2 Nxg4 27. Nxg4 Bg5
28. Rcd1 Bb3 29. Ra1 Rd8 30. Nf2 Bh4 31. Qg4 Qg3 32. Qf5 Qg5 33. Qf3 Be6 34.
Ng4 Qe7 35. Ne5 Qe8 36. Qe3 Qb5 37. Ra5 Qb6 38. Qxc5 Qb3 39. Qc6 Rc8 40. Qd6
Be7 41. Qd4 Rd8 42. Qf2 f6 43. Nc6 Rxd3 44. Nxe7+ Rxe7 45. Ra8+ Kh7 46. Qc5 Qb7
47. Ra4 Qd7 48. Rd4 Rxd4 49. Qxd4 Qb5 50. Re1 Rd7 51. Qf2 Qg5 52. Qb6 Bf7 53.
Qc6 Rd3 54. Qc7 Bg6 55. e5 fxe5 56. Bxe5 Bf5 57. Bc3 Rd7 58. Qe5 Qg6 59. b4 Rd3
0-1

[Event "Madrid ch - Previa A"]
[Site "Madrid ESP"]
[Date "2002.10.29"]
[Round "5.10"]
[White "Hernandez del Can, Jose"]
[Black "Lopez Mansillas, Vicente"]
[Result "0-1"]
[WhiteElo "1911"]
[BlackElo "1837"]
[PlyCount "134"]
[EventDate "2002.10.21"]
[EventType "swiss"]
[EventRounds "9"]
[EventCountry "ESP"]
[Source "lmi"]
[SourceDate "2002.10.21"]

1. c4 Nf6 2. Nf3 g6 3. d4 Bg7 4. Nc3 d5 5. cxd5 Nxd5 6. e4 Nxc3 7. bxc3 O-O 8.
Be2 c5 9. O-O cxd4 10. cxd4 Nc6 11. Be3 Bg4 12. Rb1 b6 13. d5 Bxf3 14. Bxf3 Ne5
15. Be2 Rc8 16. Qa4 Qd7 17. Qb3 Qd6 18. f4 Nd7 19. e5 Qb8 20. Qa3 Rc7 21. Qxe7
Nxe5 22. Qb4 Nd7 23. Bf3 Re8 24. Bd4 Bxd4+ 25. Qxd4 Qd8 26. Rbe1 Rc5 27. Rc1
Qh4 28. g3 Qd8 29. Bg2 Re2 30. Rxc5 Nxc5 31. a3 Qd6 32. Bf3 Re8 33. Qc3 Qe7 34.
Qd4 Qe3+ 35. Qxe3 Rxe3 36. d6 Rd3 37. Bg2 Rxd6 38. Rf3 Kf8 39. Bf1 Ne4 40. Bb5
h6 41. Re3 f5 42. Kg2 Kf7 43. h3 Kf6 44. Rd3 Rxd3 45. Bxd3 Nc5 46. Bc2 b5 47.
Kf3 a5 48. Ke3 b4 49. axb4 axb4 50. Kd4 b3 51. Bb1 Ne4 52. g4 b2 53. gxf5 gxf5
54. Kd3 Nf2+ 55. Kc3 Nxh3 56. Kxb2 Nxf4 57. Kc2 Kg5 58. Kd2 Kg4 59. Ke3 h5 60.
Kf2 h4 61. Bc2 Nd5 62. Bd1+ Kf4 63. Bf3 Nc3 64. Bg2 Ne4+ 65. Kg1 Kg3 66. Bf1
Nd2 67. Bd3 f4 0-1

[Event "Madrid ch - Previa A"]
[Site "Madrid ESP"]
[Date "2002.10.29"]
[Round "5.11"]
[White "Arias de Reyna, Francisco"]
[Black "Galan Aguado, Fernando"]
[Result "1/2-1/2"]
[WhiteElo "1787"]
[BlackElo "1798"]
[PlyCount "81"]
[EventDate "2002.10.21"]
[EventType "swiss"]
[EventRounds "9"]
[EventCountry "ESP"]
[Source "lmi"]
[SourceDate "2002.10.21"]

1. c4 Nf6 2. Nc3 c5 3. g3 Nc6 4. Nf3 g6 5. Bg2 Bg7 6. O-O O-O 7. d4 cxd4 8.
Nxd4 a6 9. Rb1 Qb6 10. Nxc6 bxc6 11. b3 Qa5 12. b4 Qh5 13. e4 Ng4 14. h3 Qe5
15. Bb2 Nf6 16. Nd5 Qb8 17. Nxf6+ exf6 18. Bd4 Rd8 19. Qb3 Qc7 20. Qc3 Qd6 21.
Rfd1 Qe7 22. a4 d6 23. c5 Bd7 24. cxd6 Qxd6 25. Bc5 Qe6 26. Bd4 Be8 27. Kh2 c5
28. bxc5 Bxa4 29. Rd2 Bb5 30. Rbd1 Re8 31. f4 Rac8 32. Re1 Bf8 33. e5 f5 34.
Rc1 Bc6 35. Bxc6 Rxc6 36. Bf2 Rb8 37. Rb2 Rbc8 38. Qa5 Qd5 39. Rbc2 Be7 40. Rd2
Qf3 41. Rc3 1/2-1/2

[Event "Madrid ch - Previa A"]
[Site "Madrid ESP"]
[Date "2002.10.30"]
[Round "6.1"]
[White "Rodriguez Bachiller, Luis"]
[Black "Hernandez Navas, Francisco Javier"]
[Result "1/2-1/2"]
[WhiteElo "1978"]
[BlackElo "1923"]
[PlyCount "70"]
[EventDate "2002.10.21"]
[EventType "swiss"]
[EventRounds "9"]
[EventCountry "ESP"]
[Source "lmi"]
[SourceDate "2002.10.21"]

1. e4 e5 2. Nf3 d6 3. d4 exd4 4. Qxd4 Nc6 5. Bb5 h6 6. Nc3 Bd7 7. Bxc6 Bxc6 8.
Be3 Nf6 9. O-O-O Nd7 10. Rhe1 Qf6 11. Nd5 Qxd4 12. Nxd4 Bxd5 13. exd5 O-O-O 14.
Nb5 a6 15. Nd4 Nf6 16. c4 Re8 17. f3 g6 18. Nc2 Bg7 19. Bd4 Nh5 20. Bxg7 Nxg7
21. Nd4 Kd7 22. Kd2 h5 23. h4 Rxe1 24. Rxe1 Re8 25. Rxe8 Kxe8 26. Ke3 Ke7 27.
g4 Kf6 28. g5+ Ke7 29. f4 f6 30. b4 fxg5 31. fxg5 Kd7 32. Ke4 Ke7 33. b5 a5 34.
a4 b6 35. Kf4 Kd7 1/2-1/2

[Event "Madrid ch - Previa A"]
[Site "Madrid ESP"]
[Date "2002.10.30"]
[Round "6.2"]
[White "Huerta Navarro, Eusebio"]
[Black "Martinez Alvarez, Carlos"]
[Result "1/2-1/2"]
[WhiteElo "1946"]
[BlackElo "1839"]
[PlyCount "25"]
[EventDate "2002.10.21"]
[EventType "swiss"]
[EventRounds "9"]
[EventCountry "ESP"]
[Source "lmi"]
[SourceDate "2002.10.21"]

1. d4 Nf6 2. c4 e5 3. dxe5 Ng4 4. Nf3 Nc6 5. Bf4 Bb4+ 6. Nbd2 Qe7 7. a3 Bxd2+
8. Qxd2 Ngxe5 9. Nxe5 Nxe5 10. Qd5 d6 11. Bxe5 Qxe5 12. Qxe5+ dxe5 13. g3
1/2-1/2

[Event "Madrid ch - Previa A"]
[Site "Madrid ESP"]
[Date "2002.10.30"]
[Round "6.3"]
[White "Martin-Consuegra, Javier"]
[Black "Rojas Jerez, Francisco J"]
[Result "1/2-1/2"]
[WhiteElo "1923"]
[BlackElo "1961"]
[PlyCount "43"]
[EventDate "2002.10.21"]
[EventType "swiss"]
[EventRounds "9"]
[EventCountry "ESP"]
[Source "lmi"]
[SourceDate "2002.10.21"]

1. d4 d5 2. Bg5 c6 3. Nd2 Bf5 4. e3 h6 5. Bh4 Nd7 6. Ngf3 Ngf6 7. Be2 e6 8. Ne5
Be7 9. O-O O-O 10. Bg3 c5 11. c3 Rc8 12. Ndf3 Nh5 13. Nxd7 Nxg3 14. Nxf8 Nxf1
15. Ng6 Bxg6 16. Kxf1 Bd6 17. Qd2 Qc7 18. g3 Be4 19. Rd1 b5 20. dxc5 Qxc5 21.
Nd4 a6 22. Bd3 1/2-1/2

[Event "Madrid ch - Previa A"]
[Site "Madrid ESP"]
[Date "2002.10.30"]
[Round "6.4"]
[White "Pardiñas Riaño, Emilio"]
[Black "Gonzalo Gonzalez, Francisco"]
[Result "0-1"]
[WhiteElo "1848"]
[BlackElo "1961"]
[PlyCount "62"]
[EventDate "2002.10.21"]
[EventType "swiss"]
[EventRounds "9"]
[EventCountry "ESP"]
[Source "lmi"]
[SourceDate "2002.10.21"]

1. e4 c5 2. Nf3 Nc6 3. d4 cxd4 4. Nxd4 d6 5. c4 Qb6 6. Nb3 Nf6 7. Nc3 Ng4 8.
Qd2 g6 9. h3 Bh6 10. Qe2 Bxc1 11. Rxc1 Nf6 12. g4 Nb4 13. Bg2 Nxa2 14. Rc2 Qxb3
15. O-O Nxc3 16. Rxc3 Qb4 17. e5 dxe5 18. Qxe5 O-O 19. Rcc1 Be6 20. c5 Rfd8 21.
c6 bxc6 22. Rxc6 Rab8 23. Rc7 a5 24. Ra7 a4 25. Re1 Rb5 26. Qe3 Nd5 27. Bxd5
Rbxd5 28. Rc1 Rd1+ 29. Rxd1 Rxd1+ 30. Kh2 Qxb2 31. Kg3 Qb3 0-1

[Event "Madrid ch - Previa A"]
[Site "Madrid ESP"]
[Date "2002.10.30"]
[Round "6.5"]
[White "Redondo Garcia, Jose Luis"]
[Black "Martin Sanchez, Pablo"]
[Result "0-1"]
[WhiteElo "1924"]
[BlackElo "1998"]
[PlyCount "87"]
[EventDate "2002.10.21"]
[EventType "swiss"]
[EventRounds "9"]
[EventCountry "ESP"]
[Source "lmi"]
[SourceDate "2002.10.21"]

1. c4 c5 2. e3 g6 3. g3 Bg7 4. Bg2 Nf6 5. Nc3 Nc6 6. a3 O-O 7. Nge2 e6 8. O-O
d5 9. cxd5 exd5 10. d4 cxd4 11. Nxd4 Nxd4 12. exd4 a6 13. Qb3 Rb8 14. Bf4 Ra8
15. Rad1 b6 16. Bg5 Be6 17. Bxf6 Bxf6 18. Bxd5 Bh3 19. Rfe1 Ra7 20. Ne2 Rd7 21.
Nf4 Kg7 22. Bc6 Rd6 23. d5 Bg4 24. f3 Bf5 25. Kg2 h5 26. Re2 Bg5 27. Nd3 h4 28.
g4 h3+ 29. Kg1 Bxd3 30. Qxd3 b5 31. b4 Rf6 32. Qc3 Qd6 33. Rf1 Bf4 34. Qc5 Qc7
35. Qf2 a5 36. Kh1 Bd6 37. g5 Rf5 38. Qd4+ Kg8 39. Qg4 axb4 40. axb4 Rf4 41.
Qxh3 Rxb4 42. Re4 Rb2 43. Qd7 Rxh2+ 44. Kg1 0-1

[Event "Madrid ch - Previa A"]
[Site "Madrid ESP"]
[Date "2002.10.30"]
[Round "6.6"]
[White "Noriega de la Sierra, Antonio"]
[Black "Alvarez Usero, Jose Luis"]
[Result "1-0"]
[WhiteElo "1846"]
[BlackElo "1762"]
[PlyCount "103"]
[EventDate "2002.10.21"]
[EventType "swiss"]
[EventRounds "9"]
[EventCountry "ESP"]
[Source "lmi"]
[SourceDate "2002.10.21"]

1. d4 d5 2. Nf3 Nf6 3. c4 c6 4. cxd5 cxd5 5. g3 e6 6. Bg2 Bd6 7. O-O O-O 8. Nc3
a6 9. Na4 Nbd7 10. b3 b5 11. Nb2 Bb7 12. Nd3 Rc8 13. Bb2 Rc7 14. Rc1 Qc8 15.
Nde5 Qb8 16. Rxc7 Qxc7 17. Qd3 Qa5 18. Ng5 Bxe5 19. dxe5 Ne4 20. Nxe4 Qxa2 21.
Ba1 dxe4 22. Qxd7 Bd5 23. Bd4 Qxb3 24. e3 a5 25. Ra1 a4 26. Bf1 Bc4 27. Qc6
Bxf1 28. Kxf1 h6 29. Qxe4 Rc8 30. Rb1 Qc4+ 31. Kg2 a3 32. Qb7 Qc6+ 33. Qxc6
Rxc6 34. Rxb5 Ra6 35. Rb8+ Kh7 36. Kf3 a2 37. Ba1 Ra4 38. h4 h5 39. Ke2 Kg6 40.
Kd3 Ra7 41. Rb4 Kh6 42. Kc2 Kg6 43. Kb3 Kf5 44. Rf4+ Kg6 45. Ra4 Rxa4 46. Kxa4
Kf5 47. f3 g5 48. hxg5 Kxg5 49. Kb3 h4 50. gxh4+ Kxh4 51. Kxa2 Kg3 52. f4 1-0

[Event "Madrid ch - Previa A"]
[Site "Madrid ESP"]
[Date "2002.10.30"]
[Round "6.7"]
[White "Roman Bada, Javier"]
[Black "Canseco Arenas, Alfonso"]
[Result "1-0"]
[WhiteElo "2020"]
[BlackElo "1901"]
[PlyCount "65"]
[EventDate "2002.10.21"]
[EventType "swiss"]
[EventRounds "9"]
[EventCountry "ESP"]
[Source "lmi"]
[SourceDate "2002.10.21"]

1. e4 c5 2. Nc3 d6 3. g3 Nc6 4. Bg2 g6 5. f4 Bg7 6. Nf3 Nf6 7. d3 Nd7 8. O-O a6
9. h3 h5 10. Ng5 Nd4 11. Ne2 Nb8 12. c3 Nxe2+ 13. Qxe2 Nc6 14. Be3 Bd7 15. Rad1
Qc7 16. e5 dxe5 17. Bxc5 f6 18. Ne4 exf4 19. Rxf4 O-O-O 20. Nd2 g5 21. Ra4 Ne5
22. Rxa6 bxa6 23. d4 Nc6 24. Qxa6+ Qb7 25. Qc4 f5 26. b4 Kc7 27. b5 Na5 28.
Bb6+ Kb8 29. Bxa5 Qa7 30. b6 Rhf8 31. bxa7+ Kxa7 32. Qd5 Bc6 33. Qc5+ 1-0

[Event "Madrid ch - Previa A"]
[Site "Madrid ESP"]
[Date "2002.10.30"]
[Round "6.8"]
[White "Cano Mercado, Francisco"]
[Black "Suarez Prieto, Leopoldo"]
[Result "1/2-1/2"]
[WhiteElo "1978"]
[BlackElo "1918"]
[PlyCount "94"]
[EventDate "2002.10.21"]
[EventType "swiss"]
[EventRounds "9"]
[EventCountry "ESP"]
[Source "lmi"]
[SourceDate "2002.10.21"]

1. e4 e5 2. Nf3 Nc6 3. Bb5 f5 4. Nc3 a6 5. Ba4 Nf6 6. d3 Bc5 7. O-O b5 8. Bb3
d6 9. Ng5 Qe7 10. Nd5 Nxd5 11. Bxd5 Bd7 12. exf5 O-O-O 13. Nf7 Nb4 14. Bg5 Qf8
15. Be6 Bxe6 16. fxe6 Re8 17. Nxh8 Rxe6 18. Qg4 Kd7 19. Qh5 Nxc2 20. Rac1 Nd4
21. Rxc5 dxc5 22. Qf7+ Qxf7 23. Nxf7 Nc6 24. f4 h6 25. f5 Re8 26. Nxh6 gxh6 27.
Bxh6 Nd8 28. f6 Ke6 29. Bg7 Nf7 30. h4 Rd8 31. Rf3 Rd4 32. h5 e4 33. dxe4 Rxe4
34. h6 Ng5 35. h7 Nxh7 36. f7 a5 37. f8=Q Nxf8 38. Rxf8 c4 39. Re8+ Kd5 40.
Rxe4 Kxe4 41. Kf2 b4 42. Ke2 Kf4 43. g3+ Kxg3 44. Be5+ Kg4 45. Bxc7 a4 46. Ba5
a3 47. bxa3 b3 1/2-1/2

[Event "Madrid ch - Previa A"]
[Site "Madrid ESP"]
[Date "2002.10.30"]
[Round "6.9"]
[White "Lopez Mansillas, Vicente"]
[Black "Gonzalez Silen, Luis F"]
[Result "1/2-1/2"]
[WhiteElo "1837"]
[BlackElo "1900"]
[PlyCount "91"]
[EventDate "2002.10.21"]
[EventType "swiss"]
[EventRounds "9"]
[EventCountry "ESP"]
[Source "lmi"]
[SourceDate "2002.10.21"]

1. e4 e5 2. Nf3 Nc6 3. d4 exd4 4. Nxd4 Bc5 5. Nxc6 Qf6 6. Qe2 Qxc6 7. Nc3 Ne7
8. Bd2 O-O 9. g3 d5 10. Bg2 d4 11. Nb5 a6 12. Na3 Bxa3 13. bxa3 Be6 14. Bb4 a5
15. Bxe7 Qc3+ 16. Qd2 Qxa1+ 17. Ke2 Bc4+ 18. Kf3 Qc3+ 19. Qxc3 dxc3 20. Bxf8
Kxf8 21. Ke3 Rd8 22. Bf1 Bxa2 23. Bd3 c6 24. f4 b5 25. f5 b4 26. axb4 axb4 27.
Ra1 b3 28. cxb3 Bxb3 29. Rc1 Rb8 30. Rxc3 Ba4 31. Bc2 Bb5 32. Rc5 Ra8 33. Rc3
Ra2 34. h4 f6 35. Kf4 Ra1 36. Bd3 Ba4 37. e5 fxe5+ 38. Kxe5 Kf7 39. Be4 Re1 40.
g4 h6 41. g5 hxg5 42. hxg5 Bb5 43. Kf4 Rf1+ 44. Ke5 Re1 45. f6 gxf6+ 46. gxf6
1/2-1/2

[Event "Madrid ch - Previa A"]
[Site "Madrid ESP"]
[Date "2002.10.30"]
[Round "6.10"]
[White "Castro Uceda, Jose Antonio"]
[Black "Galan Aguado, Fernando"]
[Result "0-1"]
[WhiteElo "1700"]
[BlackElo "1798"]
[PlyCount "110"]
[EventDate "2002.10.21"]
[EventType "swiss"]
[EventRounds "9"]
[EventCountry "ESP"]
[Source "lmi"]
[SourceDate "2002.10.21"]

1. d4 d5 2. c4 c6 3. e3 Nf6 4. Nc3 Nbd7 5. Nf3 Nb6 6. b3 Bf5 7. Bd3 e6 8. Bxf5
exf5 9. c5 Nbd7 10. O-O g6 11. Re1 Bg7 12. b4 O-O 13. b5 Ne8 14. Qd3 Nc7 15.
Rb1 Ne6 16. bxc6 bxc6 17. Ba3 Qc7 18. Rb3 Rfb8 19. Reb1 Rxb3 20. Rxb3 Rb8 21.
Rxb8+ Qxb8 22. Qa6 Qc7 23. Bb4 Nb8 24. Qa4 Qb7 25. Nd2 Na6 26. a3 Naxc5 27.
dxc5 Nxc5 28. Qc2 Na6 29. Bd6 Qd7 30. Bf4 Bf8 31. Qd3 Nc5 32. Qc2 Ne6 33. Qb3
Nxf4 34. exf4 Qd6 35. a4 Qxf4 36. Nf1 Bc5 37. Qc2 Bd4 38. Nd1 Qd6 39. Qe2 c5
40. Qe8+ Kg7 41. Qa8 Qd7 42. a5 c4 43. a6 Bb6 44. Qb7 Qb5 45. Nfe3 d4 46. Nd5
Qb1 47. g3 Qxd1+ 48. Kg2 c3 49. Qc6 c2 50. Qf6+ Kh6 51. f3 Qe2+ 52. Kh3 Qxf3
53. Nf4 Qg4+ 54. Kg2 c1=Q 55. Qxf7 Qc2+ 0-1

[Event "Madrid ch - Previa A"]
[Site "Madrid ESP"]
[Date "2002.10.30"]
[Round "6.11"]
[White "Corredor Gonzalez, Angel"]
[Black "Arias de Reyna, Francisco"]
[Result "1/2-1/2"]
[WhiteElo "1874"]
[BlackElo "1787"]
[PlyCount "81"]
[EventDate "2002.10.21"]
[EventType "swiss"]
[EventRounds "9"]
[EventCountry "ESP"]
[Source "lmi"]
[SourceDate "2002.10.21"]

1. e4 c6 2. Nf3 d5 3. Nc3 dxe4 4. Nxe4 Bf5 5. Ng3 Bg6 6. d4 e6 7. Bc4 Qc7 8.
O-O Nd7 9. Re1 O-O-O 10. c3 Ngf6 11. Qe2 Be7 12. b4 Nb6 13. Bb3 Rhe8 14. a4 Kb8
15. a5 Nbd5 16. Bd2 Nd7 17. b5 cxb5 18. Qxb5 Qc6 19. Qxc6 bxc6 20. c4 Nb4 21.
Bf4+ Kc8 22. Red1 f6 23. Ba4 Bf8 24. Bd2 e5 25. c5 Nc2 26. Rac1 Nxd4 27. Nxd4
exd4 28. Bxc6 Re5 29. Bxd7+ Rxd7 30. c6 Rdd5 31. Bf4 Re8 32. a6 Bd6 33. Be3 Rd8
34. Ne2 Bc7 35. Rxd4 Bd3 36. Rxd5 Rxd5 37. Nc3 Rd6 38. Na4 Bxa6 39. Bxa7 Bb5
40. Nb6+ Bxb6 41. Bxb6 1/2-1/2

[Event "Madrid ch - Previa A"]
[Site "Madrid ESP"]
[Date "2002.10.30"]
[Round "6.14"]
[White "Aburto Renovales, Rafael"]
[Black "Valero Peña, Lucio"]
[Result "0-1"]
[WhiteElo "2000"]
[BlackElo "1905"]
[PlyCount "36"]
[EventDate "2002.10.21"]
[EventType "swiss"]
[EventRounds "9"]
[EventCountry "ESP"]
[Source "lmi"]
[SourceDate "2002.10.21"]

1. Nf3 d5 2. d4 e6 3. e3 Nf6 4. c4 Nbd7 5. Nc3 c6 6. Bd3 Bd6 7. O-O O-O 8. b3
e5 9. dxe5 Nxe5 10. Nxe5 Bxe5 11. Bd2 Ng4 12. Qc2 Bxh2+ 13. Kh1 Qh4 14. Bxh7+
Kh8 15. g3 Nxf2+ 16. Rxf2 Bxg3+ 17. Kg2 Qh2+ 18. Kf3 Qxf2# 0-1

[Event "Madrid ch - Previa A"]
[Site "Madrid ESP"]
[Date "2002.11.04"]
[Round "7.1"]
[White "Gonzalo Gonzalez, Francisco"]
[Black "Hernandez Navas, Francisco Javier"]
[Result "0-1"]
[WhiteElo "1961"]
[BlackElo "1923"]
[PlyCount "88"]
[EventDate "2002.10.21"]
[EventType "swiss"]
[EventRounds "9"]
[EventCountry "ESP"]
[Source "lmi"]
[SourceDate "2002.10.21"]

1. e4 e5 2. Nf3 d6 3. Bc4 c5 4. c3 Be6 5. Qb3 Bxc4 6. Qxc4 Be7 7. d3 Nc6 8. h4
h6 9. Be3 Qd7 10. Na3 a6 11. Qa4 Nf6 12. Nh2 Ng4 13. O-O-O Nxe3 14. fxe3 Bxh4
15. Nf1 Bg5 16. Kb1 O-O 17. d4 Qg4 18. dxc5 dxc5 19. Qc2 Rad8 20. Re1 b5 21.
Nh2 Qe6 22. Qe2 f5 23. Nf3 Be7 24. exf5 Qxf5+ 25. e4 Qg4 26. Nc2 Bg5 27. Nxg5
Qxg5 28. Ne3 Ne7 29. g4 Qf4 30. Nf5 Nxf5 31. gxf5 Rd2 32. Qe3 Rd1+ 33. Kc2 Qxe3
34. Rxe3 Rxh1 35. Rd3 Rh2+ 36. Kc1 g6 37. Rd5 gxf5 38. exf5 Rxf5 39. Rd1 e4 40.
a3 e3 41. b4 e2 42. Re1 cxb4 43. axb4 Rf1 44. Kd2 Rxe1 0-1

[Event "Madrid ch - Previa A"]
[Site "Madrid ESP"]
[Date "2002.11.04"]
[Round "7.2"]
[White "Martinez Alvarez, Carlos"]
[Black "Rodriguez Bachiller, Luis"]
[Result "1/2-1/2"]
[WhiteElo "1839"]
[BlackElo "1978"]
[PlyCount "90"]
[EventDate "2002.10.21"]
[EventType "swiss"]
[EventRounds "9"]
[EventCountry "ESP"]
[Source "lmi"]
[SourceDate "2002.10.21"]

1. e4 c5 2. Nf3 Nc6 3. d4 cxd4 4. Nxd4 g6 5. Nc3 Bg7 6. Be3 Nf6 7. f3 O-O 8.
Qd2 d6 9. O-O-O Bd7 10. h4 Qa5 11. Nb3 Qc7 12. g4 Ne5 13. Be2 Nc4 14. Bxc4 Qxc4
15. h5 Rfc8 16. hxg6 fxg6 17. Bg5 Qf7 18. Rh2 Rc7 19. Rdh1 Rac8 20. Bxf6 Bxf6
21. Rxh7 Qxh7 22. Rxh7 Kxh7 23. g5 Bxc3 24. bxc3 Rxc3 25. Qh2+ Kg8 26. Qh6
Rxc2+ 27. Kd1 Be8 28. Nd4 Rc1+ 29. Kd2 Bf7 30. f4 R1c4 31. Ne6 Rc2+ 32. Kd3
R2c3+ 33. Kd4 R8c4+ 34. Kd5 Bxe6+ 35. Kxe6 Rxe4+ 36. Kd7 Rec4 37. Qxg6+ Kf8 38.
Qh6+ Kg8 39. g6 Rc7+ 40. Ke6 Re3+ 41. Kf5 e5 42. Qh4 Rec3 43. Qd8+ Kg7 44. Qf6+
Kg8 45. Qd8+ Kg7 1/2-1/2

[Event "Madrid ch - Previa A"]
[Site "Madrid ESP"]
[Date "2002.11.04"]
[Round "7.3"]
[White "Rojas Jerez, Francisco J"]
[Black "Huerta Navarro, Eusebio"]
[Result "1/2-1/2"]
[WhiteElo "1961"]
[BlackElo "1946"]
[PlyCount "42"]
[EventDate "2002.10.21"]
[EventType "swiss"]
[EventRounds "9"]
[EventCountry "ESP"]
[Source "lmi"]
[SourceDate "2002.10.21"]

1. d4 d5 2. c4 e6 3. Nc3 Nf6 4. Bg5 Nbd7 5. Nf3 Be7 6. e3 h6 7. Bh4 c5 8. dxc5
Nxc5 9. cxd5 Nxd5 10. Bxe7 Kxe7 11. Qd4 b6 12. b4 Nxc3 13. Qxc3 Ne4 14. Qe5 Bb7
15. Rd1 Qc8 16. Bb5 Qc3+ 17. Qxc3 Nxc3 18. Rd7+ Kf6 19. Rxb7 Nxb5 20. O-O Rhd8
21. g3 Rac8 1/2-1/2

[Event "Madrid ch - Previa A"]
[Site "Madrid ESP"]
[Date "2002.11.04"]
[Round "7.4"]
[White "Martin Sanchez, Pablo"]
[Black "Martin-Consuegra, Javier"]
[Result "1-0"]
[WhiteElo "1998"]
[BlackElo "1923"]
[PlyCount "115"]
[EventDate "2002.10.21"]
[EventType "swiss"]
[EventRounds "9"]
[EventCountry "ESP"]
[Source "lmi"]
[SourceDate "2002.10.21"]

1. e4 d5 2. exd5 Qxd5 3. Nf3 Bg4 4. Be2 Nc6 5. d3 Nf6 6. Nc3 Qd7 7. O-O O-O-O
8. Be3 e5 9. a3 Bd6 10. b4 Rhe8 11. Qb1 Nd4 12. Qd1 Nxe2+ 13. Qxe2 e4 14. dxe4
Nxe4 15. Nxe4 Rxe4 16. Rfd1 Qf5 17. Rac1 Rde8 18. h3 Bxh3 19. Rxd6 cxd6 20.
gxh3 Qxh3 21. Nh2 R8e6 22. Qf3 Rg6+ 23. Kh1 Qe6 24. Rg1 Rh4 25. Rxg6 Qxg6 26.
Qe2 Qe6 27. Qf3 Rh3 28. Qg2 g6 29. Kg1 Kb8 30. Qg4 Qxg4+ 31. Nxg4 f5 32. Nf6
Rh4 33. c3 f4 34. Bd4 f3 35. Ne8 Re4 36. Nxd6 Re6 37. Nc4 g5 38. Kh2 h5 39. Ne5
g4 40. Kg3 Kc8 41. Nd3 Rh6 42. Kh4 b6 43. Nf4 Kb7 44. Nxh5 b5 45. Kxg4 Ra6 46.
Kxf3 Rxa3 47. Ke4 a5 48. bxa5 Rxa5 49. Nf4 Kc6 50. Nd3 Ra8 51. f4 Re8+ 52. Ne5+
Kd6 53. f5 Rb8 54. Bc5+ Kxc5 55. Nd7+ Kc4 56. Nxb8 Kxc3 57. Nc6 Kc4 58. f6 1-0

[Event "Madrid ch - Previa A"]
[Site "Madrid ESP"]
[Date "2002.11.04"]
[Round "7.5"]
[White "Noriega de la Sierra, Antonio"]
[Black "Roman Bada, Javier"]
[Result "1/2-1/2"]
[WhiteElo "1846"]
[BlackElo "2020"]
[PlyCount "110"]
[EventDate "2002.10.21"]
[EventType "swiss"]
[EventRounds "9"]
[EventCountry "ESP"]
[Source "lmi"]
[SourceDate "2002.10.21"]

1. d4 d5 2. Nf3 Nf6 3. c4 c6 4. cxd5 Nxd5 5. g3 Bf5 6. Nbd2 Nf6 7. Bg2 e6 8.
O-O Nbd7 9. Nc4 Nb6 10. Na5 Rb8 11. Ne5 Bd6 12. Naxc6 bxc6 13. Nxc6 Qc7 14.
Nxb8 Qxb8 15. Qb3 O-O 16. Bd2 Ne4 17. Ba5 e5 18. f3 Be6 19. Qd3 Nf6 20. dxe5
Bxe5 21. Bc3 Bc4 22. Qc2 Nfd5 23. Bxe5 Qxe5 24. Rfe1 Qd4+ 25. e3 Nxe3 26. Qf2
Nc2 27. Qxd4 Nxd4 28. Re4 Ne6 29. b3 Ba6 30. Rae1 Rc8 31. Bh3 Kf8 32. f4 Bb7
33. Bxe6 fxe6 34. Rxe6 Rc7 35. R6e5 Nd5 36. Kf2 Nb4 37. Rf5+ Rf7 38. Rxf7+ Kxf7
39. Rd1 Nd5 40. Rc1 Ke6 41. a3 Kd6 42. g4 Nf6 43. h3 g6 44. b4 Bc6 45. Rd1+ Bd5
46. Ke3 Ne4 47. Rc1 Nf6 48. Kf2 Bc6 49. Rd1+ Nd5 50. Kg3 Ke6 51. Re1+ Kd7 52.
Re4 Kd6 53. Re1 Bd7 54. Rd1 Ke6 55. Re1+ Kd6 1/2-1/2

[Event "Madrid ch - Previa A"]
[Site "Madrid ESP"]
[Date "2002.11.04"]
[Round "7.6"]
[White "Galan Aguado, Fernando"]
[Black "Cano Mercado, Francisco"]
[Result "0-1"]
[WhiteElo "1798"]
[BlackElo "1978"]
[PlyCount "148"]
[EventDate "2002.10.21"]
[EventType "swiss"]
[EventRounds "9"]
[EventCountry "ESP"]
[Source "lmi"]
[SourceDate "2002.10.21"]

1. d4 Nf6 2. c4 c5 3. d5 b5 4. cxb5 a6 5. Nc3 axb5 6. Nxb5 Qa5+ 7. Nc3 Bb7 8.
Bd2 Qb6 9. e4 e6 10. Bc4 Nxe4 11. Nf3 Nxc3 12. Bxc3 exd5 13. Bxd5 Bxd5 14. Qxd5
Qe6+ 15. Qxe6+ fxe6 16. O-O Nc6 17. Rfe1 Nb4 18. Rad1 Rxa2 19. g3 Ra6 20. Re2
Nc6 21. Ng5 h6 22. Nh3 Rg8 23. f4 Nd4 24. Re3 g6 25. Bxd4 cxd4 26. Rb3 Bc5 27.
Kg2 Ke7 28. Rb7 Rga8 29. Nf2 R6a7 30. Rb5 Rc7 31. Rc1 Rac8 32. Nd3 d6 33. Kf3
Ba7 34. Ra1 Rd7 35. Ra6 Rcc7 36. Rba5 Bb8 37. Nb4 Rb7 38. Nc6+ Kf6 39. b4 Bc7
40. Ra4 Bb6 41. Ra3 Rdc7 42. b5 Bc5 43. Rb3 Rc8 44. Ke4 d5+ 45. Kd3 Kf5 46. h3
g5 47. fxg5 hxg5 48. Nxd4+ Bxd4 49. Kxd4 Rc4+ 50. Kd3 e5 51. b6 e4+ 52. Kd2 Rc6
53. Ke3 Ke5 54. h4 gxh4 55. gxh4 Rh6 56. Ra7 Rbxb6 57. Rxb6 Rxb6 58. Re7+ Re6
59. Rh7 d4+ 60. Ke2 Kf4 61. h5 Ra6 62. h6 Ra2+ 63. Kd1 Ke3 64. Rc7 Rh2 65. h7
d3 66. Kc1 Rh1+ 67. Kb2 d2 68. Rd7 Ke2 69. Kc2 e3 70. Kc3 Rxh7 71. Rxh7 d1=Q
72. Rh2+ Kf3 73. Rh3+ Kf4 74. Rh4+ Ke5 0-1